000 00209 a2200097 4500
001 35942
100 _aRosen Robert
245 _aAnticipatory Systems
260 _aLondon
_bCassell
_c
090 _c23492
_d23492
942 _aNUST-CAE
_cM
_c14994
999 _c271015
_d271015